00585nam a2200205Ia 4500008004100000020001700041050001600058100002000074245003700094245002400131245002300155260001000178260001100188260000900199300001600208300002000224300001000244999001900254952010600273170918s9999 xx 000 0 und d a978052547892 bB847ch 2008 aBrewer, Heather 4aThe chronicles of Vladimir Tod : bninth grade slays / cby Heather Brewer. aUSA : bSpeak, c2008 a278 pages : billustrations ; c21cm. c343515d343515 001040aSSISMbSSISMd2017-09-18l0oFIC B847ch 2008pSSISM2587r2017-09-18 00:00:00w2017-09-18yBK